000 nam a22 7a 4500
999 _c9644
_d9644
008 180205b ||||| |||| 00| 0 eng d
100 _aVerma,S.etal.
_95769
245 _aMathematics-4
260 _aNew Delhi
_bPrachi
_c2016